000 00555nam a2200169 a 4500
001 000035866
005 20200930074658.0
008 111115s1914 fr ac 000 0 fre d
040 _aDO-SdBNP
_bfre
_cBNPHU
082 _axxxx
_bF931
245 0 0 _aFromentin :
_bhuit reproductions facsimile en couleurs.
260 _aParis :
_bPierre Lafitte et Cie,
_c1914.
300 _a80 p. :
_bil., retr. ;
_c20 cm.
490 1 _aLes peintres illustres
_v32
500 _aEn la cubierta: Artistic-bibliothéque en couleurs
830 0 _aLes peintres illustres
_v32
_961839
999 _c35357
_d35357